| 000 | 00589nam a2200181Ia 4500 | ||
|---|---|---|---|
| 008 | 151018s9999 xx 000 0 und d | ||
| 082 |
_bRBASDV45812 _a891.433 |
||
| 100 | _aसत्यजित रे | ||
| 245 | _aजय बाबा फेलूनाथ | ||
| 250 | _b1 | ||
| 260 |
_bरेमाधव पब्लिकेशन _c2007 |
||
| 300 | _a126 | ||
| 600 | _aसत्यजित रे | ||
| 630 | _aजय बाबा फेलूनाथ | ||
| 700 | _aसत्यजित रे | ||
| 730 | _aजय बाबा फेलूनाथ | ||
| 942 | _cBOOK | ||
| 999 |
_c1044989 _d1044986 |
||